| 000 | 00548nam a22001817a 4500 | ||
|---|---|---|---|
| 003 | OSt | ||
| 005 | 20250513113900.0 | ||
| 008 | 250513b |||||||| |||| 00| 0 eng d | ||
| 020 | _a9780691121635 | ||
| 040 | _crda | ||
| 100 |
_aGrauwe, Paul De., _eauthor _9784105 |
||
| 245 |
_aThe Exchange Rate in a Behavioral Finance Framework _cby Paul De Grauwe and Marianna Grimaldi |
||
| 260 |
_aUK: _bPrinceton University Press, _c2006 |
||
| 300 | _ax,200p. | ||
| 650 | _2Finance | ||
| 700 |
_aGrimaldi, Marianna., _eAuthor _9784106 |
||
| 942 |
_2CC _cGB _n0 |
||
| 999 |
_c1400753 _d1400753 |
||